[Event "North American op 34th"]
[Site "Las Vegas"]
[Date "2024.12.28"]
[Round "5"]
[White "Wang, Justin"]
[Black "Rostomyan, Mikayel"]
[Result "1/2-1/2"]
[WhiteElo "2527"]
[BlackElo "2277"]
[PlyCount "81"]
[EventDate "2024.12.26"]
[EventType "swiss"]
[EventRounds "9"]
[EventCountry "USA"]
[SourceTitle "CB02_2025"]
[SourceDate "2025.01.08"]
[SourceVersion "1"]
[SourceVersionDate "2025.01.08"]
[SourceQuality "1"]

1. e4 c5 2. Nf3 e6 3. c4 Nc6 4. d4 cxd4 5. Nxd4 Nf6 6. Nc3 Bb4 7. Nxc6 bxc6 8. Bd3 e5 9. 0-0 Bc5 10. Qe2 0-0 11. Be3 Qe7 12. a3 Bxe3 13. Qxe3 d6 14. b4 Be6 15. Rfd1 Nd7 16. Na4 h6 17. Be2 Rfd8 18. Rd2 a5 19. b5 cxb5 20. cxb5 Nc5 21. Nxc5 dxc5 22. Rxd8+ Rxd8 23. Qc3 Qc7 24. Rb1 c4 25. h3 Rb8 26. a4 Kh7 27. Bg4 Bxg4 28. hxg4 Rd8 29. b6 Qc5 30. b7 Rb8 31. Rb5 Qc7 32. g3 Rxb7 33. Rxb7 Qxb7 34. Qxc4 f6 35. Kh2 Qd7 36. Kg2 Qd2 37. Qb3 Qb4 38. Qc2 Qa3 39. Qc6 Qb4 40. Qc2 Qa3 41. Qc6 1/2-1/2

[Event "North American op 34th"]
[Site "Las Vegas"]
[Date "2024.12.26"]
[Round "1"]
[White "Wang, Justin"]
[Black "Ai, Evan Zihao"]
[Result "1/2-1/2"]
[WhiteElo "2527"]
[BlackElo "2202"]
[PlyCount "120"]
[EventDate "2024.12.26"]
[EventType "swiss"]
[EventRounds "9"]
[EventCountry "USA"]
[SourceTitle "CB02_2025"]
[SourceDate "2025.01.08"]
[SourceVersion "1"]
[SourceVersionDate "2025.01.08"]
[SourceQuality "1"]

1. e4 e5 2. Nf3 Nc6 3. Bb5 a6 4. Ba4 Nf6 5. 0-0 Be7 6. Re1 b5 7. Bb3 0-0 8. d3 d6 9. c3 Na5 10. Bc2 c5 11. Nbd2 Qc7 12. Nf1 Nc6 13. Ng3 Re8 14. h3 g6 15. Bh6 Bf8 16. Qd2 Bxh6 17. Qxh6 Qe7 18. Rad1 Qf8 19. Qg5 Qg7 20. d4 cxd4 21. cxd4 h6 22. Qd2 exd4 23. Nxd4 Ne5 24. Bb3 Bb7 25. Re3 Nc4 26. Bxc4 bxc4 27. Rde1 d5 28. exd5 Rxe3 29. Rxe3 Nxd5 30. Ngf5 Qf8 31. Re4 h5 32. Qg5 Re8 33. Ne6 Rxe6 34. Rxe6 fxe6 35. Qxg6+ Kh8 36. Qxh5+ Kg8 37. Qg6+ Kh8 38. Qxe6 Qf6 39. Qe8+ Kh7 40. Qd7+ Kh8 41. Qxb7 Qxf5 42. Qxa6 Qe4 43. Qh6+ Kg8 44. Qg5+ Kf8 45. a4 Nf4 46. Kh2 Qd4 47. a5 Nd3 48. Qg3 Nxb2 49. a6 Na4 50. Qb8+ Ke7 51. a7 Nb6 52. Qxb6 Qxb6 53. a8Q Qd4 54. Kg3 c3 55. Qb7+ Ke6 56. Qc8+ Kd5 57. Qd7+ Kc4 58. Qa4+ Kd3 59. Qd1+ Kc4 60. Qa4+ Kd3 1/2-1/2

[Event "USA-ch U20"]
[Site "Saint Louis"]
[Date "2024.07.24"]
[Round "8"]
[White "Wang, Justin"]
[Black "Woodward, Andy"]
[Result "1/2-1/2"]
[WhiteElo "2517"]
[BlackElo "2523"]
[PlyCount "121"]
[EventDate "2024.07.16"]
[EventType "tourn"]
[EventRounds "9"]
[EventCountry "USA"]
[EventCategory "9"]
[SourceTitle "EXT 2025"]
[Source "ChessBase"]
[SourceDate "2024.10.14"]
[SourceVersion "1"]
[SourceVersionDate "2024.10.14"]
[SourceQuality "1"]

1. d4 Nf6 2. Nf3 g6 3. Nbd2 d5 4. e3 Bg7 5. b4 a5 6. b5 c5 7. bxc6 Nxc6 8. Be2 0-0 9. 0-0 Bf5 10. c4 a4 11. Ba3 Qa5 12. Rc1 Rac8 13. cxd5 Qxd5 14. Nc4 Nd7 15. Nfd2 g5 16. Qxa4 b5 17. Bf3 Nxd4 18. exd4 Qxc4 19. Nxc4 bxa4 20. Bxe7 Bd3 21. Nd6 Rxc1 22. Rxc1 Rb8 23. Bc6 Nf8 24. Bxa4 Rb2 25. Bb3 Bxd4 26. Nxf7 Kg7 27. Nxg5 Bxf2+ 28. Kh1 Be3 29. Rd1 Bf5 30. h4 Ng6 31. Bb4 Rf2 32. Re1 Bxg5 33. hxg5 Nf4 34. Bd6 Kg6 35. Bxf4 Rxf4 36. Re5 Rf2 37. Kh2 Rb2 38. Rb5 Rd2 39. Kg3 Be4 40. Kf4 Bxg2 41. Ra5 Rd4+ 42. Ke3 Rd7 43. a4 Re7+ 44. Kd4 Re4+ 45. Kc3 Rg4 46. Ra7 Rg3+ 47. Kb2 Rxg5 48. Bc2+ Kf6 49. Rxh7 Ke6 50. Ka3 Kd6 51. Kb4 Bc6 52. Bb3 Re5 53. Bc4 Re4 54. Rh6+ Kc7 55. Kc5 Re5+ 56. Kb4 Re4 57. Rh5 Bxa4 58. Kxa4 Rxc4+ 59. Kb5 Rc1 60. Rc5+ Rxc5+ 61. Kxc5 1/2-1/2

[Event "USA-ch U20"]
[Site "Saint Louis"]
[Date "2024.07.23"]
[Round "7"]
[White "Yoo, Christopher Woojin"]
[Black "Wang, Justin"]
[Result "1/2-1/2"]
[WhiteElo "2607"]
[BlackElo "2517"]
[PlyCount "128"]
[EventDate "2024.07.16"]
[EventType "tourn"]
[EventRounds "9"]
[EventCountry "USA"]
[EventCategory "9"]
[SourceTitle "EXT 2025"]
[Source "ChessBase"]
[SourceDate "2024.10.14"]
[SourceVersion "1"]
[SourceVersionDate "2024.10.14"]
[SourceQuality "1"]

1. e4 e5 2. Nc3 Nf6 3. f4 d5 4. fxe5 Nxe4 5. Nf3 Be7 6. Qe2 Nxc3 7. dxc3 c5 8. Qf2 Be6 9. Qg3 g6 10. Bg5 a6 11. 0-0-0 Nc6 12. Qf4 Bxg5 13. Nxg5 Qc7 14. g3 0-0-0 15. Nxe6 fxe6 16. Bh3 Rhe8 17. Qf6 Qxe5 18. Qxe5 Nxe5 19. Rhe1 Nf3 20. Rxe6 Rxe6 21. Bxe6+ Kc7 22. Rf1 Ng5 23. Bg4 Kd6 24. Rf6+ Kc7 25. h4 Ne4 26. Rf7+ Kb6 27. Bf3 Nxg3 28. Rxh7 Nf5 29. b3 Rd6 30. a3 c4 31. bxc4 dxc4 32. Rxb7+ Ka5 33. Rc7 Nxh4 34. Be2 Nf5 35. Rxc4 Kb6 36. Rg4 Ne7 37. Bd3 Rf6 38. Rg5 Nf5 39. Kb2 Kc5 40. Rg4 Ne3 41. Rg5+ Nf5 42. Kb3 Kb6 43. Rg1 Ne7 44. Kb2 Kc5 45. Rg3 Rb6+ 46. Ka2 Nf5 47. Rg4 Ne3 48. Ra4 Nd1 49. Rc4+ Kd5 50. Rb4 Kc5 51. Rc4+ Kd5 52. Rc8 g5 53. a4 Kd6 54. Ka3 Rc6 55. Rg8 Nxc3 56. Bxa6 Rb6 57. Rg6+ Kc7 58. Rg7+ Kd6 59. Bb5 Nxb5+ 60. axb5 Rxb5 61. c4 Rb1 62. Rxg5 Kc6 63. Rb5 Rxb5 64. cxb5+ Kxb5 1/2-1/2

[Event "USA-ch U20"]
[Site "Saint Louis"]
[Date "2024.07.20"]
[Round "5"]
[White "Daggupati, Balaji"]
[Black "Wang, Justin"]
[Result "1/2-1/2"]
[WhiteElo "2480"]
[BlackElo "2517"]
[PlyCount "73"]
[EventDate "2024.07.16"]
[EventType "tourn"]
[EventRounds "9"]
[EventCountry "USA"]
[EventCategory "9"]
[SourceTitle "EXT 2025"]
[Source "ChessBase"]
[SourceDate "2024.10.14"]
[SourceVersion "1"]
[SourceVersionDate "2024.10.14"]
[SourceQuality "1"]

1. e4 e5 2. Nf3 Nc6 3. Bb5 Nf6 4. d3 Bc5 5. c3 0-0 6. 0-0 d6 7. h3 Ne7 8. d4 Bb6 9. dxe5 dxe5 10. Qc2 Ng6 11. Nbd2 Qe7 12. Be2 a5 13. Nc4 Bc5 14. Nxa5 Rxa5 15. b4 Ra8 16. bxc5 Qxc5 17. Be3 Qc6 18. Nd2 Ra3 19. c4 Be6 20. Rfb1 Rfa8 21. c5 R8a5 22. Qb2 Rxe3 23. fxe3 Qxc5 24. Nf1 Nxe4 25. Rc1 Qb6 26. Qxb6 cxb6 27. Bc4 Bxc4 28. Rxc4 Nc5 29. Rb4 b5 30. Rab1 Rxa2 31. Rxb5 Ne4 32. Rxb7 h5 33. R7b2 Ra3 34. Rb3 Ra2 35. R3b2 Ra3 36. Rb3 Ra2 37. R3b2 1/2-1/2

[Event "USA-ch U20"]
[Site "Saint Louis"]
[Date "2024.07.16"]
[Round "1"]
[White "Wang, Justin"]
[Black "Liang, Jason"]
[Result "1-0"]
[WhiteElo "2517"]
[BlackElo "2412"]
[PlyCount "169"]
[EventDate "2024.07.16"]
[EventType "tourn"]
[EventRounds "9"]
[EventCountry "USA"]
[EventCategory "9"]
[SourceTitle "EXT 2025"]
[Source "ChessBase"]
[SourceDate "2024.10.14"]
[SourceVersion "1"]
[SourceVersionDate "2024.10.14"]
[SourceQuality "1"]

1. d4 d5 2. c4 e6 3. Nf3 Nf6 4. Nc3 c6 5. Bg5 dxc4 6. e4 b5 7. e5 h6 8. Bh4 g5 9. Nxg5 hxg5 10. Bxg5 Be7 11. exf6 Bxf6 12. Bxf6 Qxf6 13. g3 Na6 14. Bg2 Bb7 15. a4 Qe7 16. Qf3 b4 17. Ne2 Rb8 18. Qf4 c5 19. Bxb7 Qxb7 20. 0-0 Qd5 21. h4 Rd8 22. Rad1 Ke7 23. Rfe1 Qf5 24. Qxf5 exf5 25. Rc1 Kf6 26. Rxc4 Rhe8 27. Kf1 Re4 28. Rec1 Kg7 29. f3 Re3 30. Kf2 Rd3 31. dxc5 Rd2 32. R4c2 b3 33. Rxd2 Rxd2 34. c6 Nc7 35. Ke3 Rxb2 36. Nd4 Ra2 37. Nxb3 Rxa4 38. Nd4 Ra5 39. Rb1 Kf6 40. Kd3 Ke5 41. h5 Ra3+ 42. Rb3 Ra1 43. Nb5 Nd5 44. h6 Kf6 45. Kd4 Ne7 46. c7 Kg6 47. Re3 Rd1+ 48. Kc5 Rc1+ 49. Rc3 Re1 50. Nxa7 Kxh6 51. c8Q Nxc8 52. Nxc8 Kg5 53. Nd6 Rg1 54. Nxf7+ Kf6 55. Nd8 Rxg3 56. Kd4 Rg1 57. Ke3 Ra1 58. Rc6+ Ke7 59. Nb7 Ra4 60. Rb6 Kf7 61. Kf2 Kg7 62. Kg3 Kf7 63. Nd6+ Kf6 64. Rb5 Ke6 65. Nxf5 Kf6 66. Ne3 Ra3 67. Ng4+ Kg6 68. Rb6+ Kg5 69. Nf2 Kf5 70. Rb5+ Ke6 71. Ne4 Ra8 72. Kf4 Rf8+ 73. Ke3 Ra8 74. Rb6+ Kf7 75. Kf4 Ra5 76. Rb5 Ra3 77. Ke5 Ra6 78. f4 Ke7 79. f5 Ra8 80. Rb7+ Kf8 81. Ng5 Ra5+ 82. Kf6 Ra6+ 83. Ne6+ Kg8 84. Kg6 Ra8 85. f6 1-0

[Event "American Continental 18th"]
[Site "Medellin"]
[Date "2024.06.02"]
[Round "11"]
[White "Wang, Justin"]
[Black "Quesada Perez, Luis Ernesto"]
[Result "1/2-1/2"]
[WhiteElo "2504"]
[BlackElo "2567"]
[PlyCount "45"]
[EventDate "2024.05.24"]
[EventType "swiss"]
[EventRounds "11"]
[EventCountry "COL"]
[SourceTitle "CBM 220 Extra"]
[Source "ChessBase"]
[SourceDate "2024.07.31"]
[SourceVersion "1"]
[SourceVersionDate "2024.07.31"]
[SourceQuality "1"]

1. d4 Nf6 2. Nf3 g6 3. Nbd2 d5 4. e3 Bg7 5. b4 0-0 6. c4 a5 7. b5 c5 8. Bb2 Nbd7 9. Be2 b6 10. 0-0 Bb7 11. Rc1 e6 12. dxc5 bxc5 13. Qc2 a4 14. Ne5 Qe7 15. Rfd1 Nxe5 16. Bxe5 Nd7 17. Bxg7 Kxg7 18. Qc3+ Kg8 19. Nf3 Rfc8 20. Ne5 Nxe5 21. Qxe5 Qc7 22. Qc3 a3 23. Bf3 1/2-1/2